000 00327nam a2200133Ia 4500
008 190216s9999||||xx |||||||||||||| ||und||
100 _aHarvey E. White
245 0 _aModern College Physics
250 _a6th Ed.
260 _b"C B S Publishers And Distributers,"
_c1987
300 _a1108
650 _aPhysics
942 _cBK
999 _c33117
_d33117